Abänderungen ...

Saved in:
Bibliographic Details
Corporate Author: Germany. Kommission zur Vorberathung der Entwürfe eines Gerichtsverfassungsgesetzes, einer Civilprozessordnung und einer Strafprozessordnung.
Format: Book
Language:German
Published: [Berlin, 1876]
Subjects:
Tags: Add Tag
No Tags, Be the first to tag this record!
LEADER 00666nam a2200193K 4500
001 005299643-3
005 20020606095253.2
008 950214s1876 gw 000 0 ger d
035 0 |a ocm80391791 
040 |a HVL  |c HVL 
110 1 |a Germany.  |b Kommission zur Vorberathung der Entwürfe eines Gerichtsverfassungsgesetzes, einer Civilprozessordnung und einer Strafprozessordnung. 
245 1 0 |a Abänderungen ... 
260 |a [Berlin,  |c 1876] 
300 |a 35 p.  |c 30 cm. 
500 |a At head of title: Zu no. 7. Deutscher Reichstag. 2. Legislatur-Periode. IV. Session 1876. 
651 0 |a Germany. 
690 9 |a Criminal procedure  |z Germany.  |5 law 
988 |a 20020608 
906 |0 MH